| 000 | 00597nam a2200205 a 4500 | ||
|---|---|---|---|
| 001 | 11013 | ||
| 003 | CO-ViMGA | ||
| 008 | 141112s2004 ck r 000 u spa d | ||
| 020 | _a9586012190 | ||
| 040 |
_aCO-ViMGA _bspa _cCO-ViMGA |
||
| 082 | 0 | 4 | _a339 F87F |
| 100 | 1 |
_aFurtado Celso, _915190 |
|
| 245 | 1 | 0 | _aLa fantasia Organizada |
| 250 | _a1 | ||
| 260 |
_aColombia, _cEditorial Universitaria de Buenos Aires, _c7989 |
||
| 300 | _a205 p. | ||
| 650 | 1 | 4 |
_aCOMISION ECONOMICA PARA LA América LATINA _915191 |
| 650 | 1 | 4 |
_aMACROEconomía - HISTORIA Economía INTERNACIONAL _915192 |
| 942 |
_2ddc _cBK |
||
| 999 |
_c22230 _d22230 |
||